Music Quiz

Random Music Quiz

Paroles de 'Danser le Jerk' de Thierry Hasad Quiz Stats

 Plays Quiz not verified by Sporcle

Score 0/276 Timer 20:00
0 Plays Today
Answer % Correct
le
97.8%
le
97.8%
Le
97.8%
le
97.8%
le
97.8%
le
97.8%
le
97.8%
le
97.8%
le
97.8%
le
97.8%
le
97.8%
le
97.8%
le
97.8%
le
97.8%
la
95.7%
la
95.7%
dans
95.7%
la
95.7%
dans
95.7%
la
95.7%
dans
95.7%
la
95.7%
la
95.7%
la
95.7%
la
95.7%
jerk
94.6%
danse
94.6%
jerk
94.6%
jerk
94.6%
danse
94.6%
jerk
94.6%
Jerk
94.6%
jerk
94.6%
jerk
94.6%
jerk
94.6%
de
93.5%
danser
93.5%
de
93.5%
de
93.5%
de
93.5%
de
93.5%
danser
93.5%
de
93.5%
de
93.5%
de
93.5%
danser
93.5%
de
93.5%
Les
91.3%
sur
91.3%
les
91.3%
Sur
91.3%
les
91.3%
les
91.3%
Sur
91.3%
les
91.3%
Sur
91.3%
Sur
91.3%
les
91.3%
au
90.2%
au
90.2%
Pour
90.2%
musique
90.2%
au
90.2%
Pour
90.2%
musique
90.2%
musique
90.2%
Pour
90.2%
musique
90.2%
Elle
89.1%
Elle
89.1%
Elle
89.1%
Elle
89.1%
Du
88%
du
88%
aller
88%
Il
88%
du
88%
il
88%
du
88%
du
88%
Il
88%
aller
88%
Il
88%
Il
88%
du
88%
aller
88%
tout
87%
Joséphine
85.9%
Joséphine
85.9%
Joséphine
85.9%
Joséphine
85.9%
sa
84.8%
Answer % Correct
se
84.8%
sa
84.8%
Et
84.8%
Et
84.8%
Et
84.8%
Et
84.8%
et
84.8%
se
84.8%
et
84.8%
Et
84.8%
Et
84.8%
Et
84.8%
Et
84.8%
Ou
83.7%
taper
83.7%
machine
83.7%
Comme
83.7%
comme
83.7%
comme
83.7%
téléphone
82.6%
des
82.6%
des
82.6%
par
82.6%
des
82.6%
Toute
81.5%
journée
81.5%
à
81.5%
à
81.5%
attend
81.5%
dit
81.5%
bureau
81.5%
à
81.5%
Qui
81.5%
à
81.5%
bureau
81.5%
à
81.5%
dit
81.5%
beau
81.5%
à
81.5%
son
80.4%
magazines
80.4%
Quand
80.4%
sort
80.4%
Gogo
80.4%
Sous
80.4%
une
80.4%
Tous
80.4%
quand
80.4%
sort
80.4%
bus
80.4%
Gogo
80.4%
Sous
80.4%
Un
80.4%
une
80.4%
un
80.4%
tous
80.4%
quand
80.4%
bus
80.4%
cousine
79.3%
pop
79.3%
Roger
79.3%
usine
79.3%
Roger
79.3%
Roger
79.3%
Roger
79.3%
heures
79.3%
pop
79.3%
Roger
79.3%
Roger
79.3%
pop
79.3%
heures
79.3%
Pop
79.3%
qu'ça
78.3%
tour
78.3%
poitrine
78.3%
poser
78.3%
Olivia
78.3%
John
78.3%
chez
78.3%
Club
78.3%
carbone
78.3%
beaucoup
78.3%
beaucoup
78.3%
Club
78.3%
chez
78.3%
s'termine
77.2%
Newton
77.2%
Berthe
77.2%
travaille
77.2%
admire
77.2%
admire
77.2%
dix-huit
77.2%
Answer % Correct
dix-huit
77.2%
yeux
76.1%
rivés
76.1%
qu'avec
76.1%
genre
76.1%
bon
76.1%
aux
76.1%
l'usine
76.1%
prend
76.1%
dix-sept
76.1%
Ils
76.1%
Ils
76.1%
dix-sept
76.1%
Ils
76.1%
stroboscopes
75%
sent
75%
l'oxyde
75%
cantine
75%
mange
75%
poulet
75%
hormones
75%
trombone
75%
stroboscopes
75%
trombone
75%
pourrait
73.9%
Ensemble
73.9%
midis
73.9%
fanfare
73.9%
joue
73.9%
lui
73.9%
marièrent
73.9%
ensemble
73.9%
elles
72.8%
éclairs
72.8%
Lenon
72.8%
dimanche
72.8%
éclairs
72.8%
soir
72.8%
soir
72.8%
Lénine
71.7%
vous
71.7%
Vous
71.7%
belle
71.7%
matin
71.7%
Dolly
70.7%
eurent
70.7%
dansent
70.7%
file
69.6%
êtes
69.6%
êtes
69.6%
Parton
68.5%
droit
68.5%
mignonne
68.5%
d'hiver
68.5%
leur
68.5%
leur
68.5%
leur
68.5%
rencontra
67.4%
Philibert
67.4%
apprirent
67.4%
apprirent
67.4%
apprirent
67.4%
Kelton
66.3%
qu'ils
66.3%
c'que
65.2%
moi
65.2%
vient
65.2%
prennent
65.2%
Alphonse
64.1%
jouerai
63%
Venez
62%
j'vous
62%
J
60.9%
J
60.9%
J
60.9%
J
60.9%
J
60.9%
J
60.9%
J
60.9%
oh
59.8%
speakerine
58.7%
courent
56.5%
prénommèrent
56.5%
aussitôt
54.3%
Arthur
52.2%
quadruplés
51.1%
Woodstock
50%
Gustave
48.9%
Toutes
44.6%
nuits
41.3%
passe
40.2%
Ouah
1.1%

You're not logged in!

Compare scores with friends on all Sporcle quizzes.
OR
Log In

Sporcle TV

Today on Sporcle TV


Watch our educational content, quiz creation guides, and fun videos on Sporcle TV.

Show Comments

Extras

Created Sep 6, 2017ReportNominate
Tags:jerk, les, parole

Top Quizzes Today


Score Distribution

Your Account Isn't Verified!

In order to create a playlist on Sporcle, you need to verify the email address you used during registration. Go to your Sporcle Settings to finish the process.

Report this User

Report this user for behavior that violates our Community Guidelines.

Details: